[Event "DVM U12 2013"]
[Site "Lichtenfels-Schney GER"]
[Date "2013.12.29"]
[Round "5"]
[White "Dalchow, Jonas"]
[Black "Dathe, Frederick"]
[Result "1/2-1/2"]
[Termination "normal"]
[Board "6.1"]
[WhiteElo "1443"]
[BlackElo "1521"]
[WhiteTeam "SC 1997 Lambsheim"]
[BlackTeam "Schachunion Berlin"]
[WhiteFideId "12971251"]
[BlackFideId "12963070"]
[EventCountry "GER"]
[EventRounds "7"]
[EventType "team-swiss"]
[EventDate "2013.12.26"]

1. e4 c5 2. Nf3 a6 3. c4 Nc6 4. d4 cxd4 5. Nxd4 e5 6. Nb3 Nf6 7. Nc3 Bb4 8. f3
O-O 9. Be3 Bxc3+ 10. bxc3 Qc7 11. Be2 d6 12. O-O Be6 13. Qd3 Rac8 14. Rfd1 Ne8
15. c5 dxc5 16. Bxc5 Ne7 17. Bb4 f5 18. Rac1 Rf7 19. Kh1 Ng6 20. Qd2 Nf4 21.
Nc5 a5 22. Nxe6 Nxe6 23. Bd6 Qxd6 24. Qxd6 Nxd6 25. Rxd6 Nf4 26. Bb5 fxe4 27.
fxe4 Ng6 28. g3 Rf3 29. Rd3 Rxd3 30. Bxd3 Kf8 31. Kg2 Ke7 32. Kf3 Rf8+ 33. Ke2
Kd6 34. Rb1 Kc7 35. Rb5 b6 36. Rd5 Rf6 37. Bb5 Rd6 38. c4 h6 39. Be8 Rxd5 40.
cxd5 Ne7 41. a4 Kd6 42. Kd3 Kc5 43. Kc3 Nc8 44. Bd7 Nd6 1/2-1/2

[Event "DVM U12 2013"]
[Site "Lichtenfels-Schney GER"]
[Date "2013.12.29"]
[Round "5"]
[White "Hommel, Niclas"]
[Black "Wacker, Andreas"]
[Result "1/2-1/2"]
[Termination "normal"]
[Board "6.2"]
[WhiteElo "1572"]
[BlackElo "1495"]
[WhiteTeam "Schachunion Berlin"]
[BlackTeam "SC 1997 Lambsheim"]
[WhiteFideId "12974927"]
[BlackFideId "12953083"]
[EventCountry "GER"]
[EventRounds "7"]
[EventType "team-swiss"]
[EventDate "2013.12.26"]

1. e4 e5 2. Nf3 Nc6 3. Bb5 a6 4. Ba4 Nf6 5. O-O b5 6. Bb3 Be7 7. Re1 O-O 8. c3
d6 9. d3 Bg4 10. Nbd2 a5 11. Nf1 a4 12. Bc2 Na5 13. Ng3 c5 14. h3 Bh5 15. Nxh5
Nxh5 16. Nxe5 dxe5 17. Qxh5 Bf6 18. Be3 Qc7 19. Qe2 Rfd8 20. Rad1 Rd7 21. Kf1
Rad8 22. Kg1 c4 23. Qf1 h6 24. Qe2 Qc6 1/2-1/2

[Event "DVM U12 2013"]
[Site "Lichtenfels-Schney GER"]
[Date "2013.12.29"]
[Round "5"]
[White "Dalchow, Mario"]
[Black "Lange, Johannes Friedrich"]
[Result "1/2-1/2"]
[Termination "normal"]
[Board "6.3"]
[WhiteElo "1061"]
[BlackElo "1166"]
[WhiteTeam "SC 1997 Lambsheim"]
[BlackTeam "Schachunion Berlin"]
[WhiteFideId "12971421"]
[BlackFideId "12975290"]
[EventCountry "GER"]
[EventRounds "7"]
[EventType "team-swiss"]
[EventDate "2013.12.26"]

1. e4 c5 2. Nf3 a6 3. Nc3 Nf6 4. d4 cxd4 5. Nxd4 e5 6. Nf3 Nc6 7. Bc4 Bb4 8.
Bd2 Bxc3 9. Bxc3 Nxe4 10. Qd5 O-O 11. Qxe4 d6 12. O-O h6 13. Bd3 f5 14. Qd5+
Kh8 15. Be2 Qe7 16. Rad1 Rd8 17. Qb3 Be6 18. Bc4 Bxc4 19. Qxc4 Re8 20. Nd2 Rac8
21. Qd5 b5 22. b4 Qe6 23. Qxe6 Rxe6 24. a3 e4 25. Rfe1 d5 26. Nb3 Ne7 27. Nc5
Rec6 28. f3 Ra8 29. fxe4 fxe4 30. Rf1 Kg8 31. Bd4 a5 32. Ra1 Rcc8 33. c3 Nc6
34. Rfd1 Re8 35. Kf2 Nxd4 36. Rxd4 e3+ 37. Ke2 axb4 38. Rxb4 Rab8 39. Rd1 Re7
40. Rxd5 Rf8 41. Nd3 Ra8 42. Rdxb5 Rxa3 43. Rb3 Ra2+ 44. Rb2 Ra1 45. Re5 Rxe5
46. Nxe5 Rc1 47. Rb3 Rc2+ 48. Kxe3 Rxg2 49. c4 Rxh2 50. Rc3 Rh3+ 51. Kd2 Rxc3
52. Kxc3 Kf8 53. Kd4 Ke8 54. Ke4 Ke7 55. Kf4 Kd6 56. Ke4 Ke6 57. c5 g5 58. c6
Kd6 59. Kf5 Kc7 60. Ke6 g4 61. Kd5 g3 62. Ke4 1/2-1/2

[Event "DVM U12 2013"]
[Site "Lichtenfels-Schney GER"]
[Date "2013.12.29"]
[Round "5"]
[White "Wiesner, Alexander"]
[Black "Kühner, Tobias"]
[Result "1-0"]
[Termination "normal"]
[Board "7.1"]
[WhiteElo "1728"]
[BlackElo "1740"]
[WhiteTeam "Karlsruher SF 1853"]
[BlackTeam "SK Bickenbach"]
[WhiteFideId "12943991"]
[BlackFideId "12973815"]
[EventCountry "GER"]
[EventRounds "7"]
[EventType "team-swiss"]
[EventDate "2013.12.26"]

1. Nf3 d5 2. d4 c5 3. Nc3 Nf6 4. Bg5 e6 5. e4 Be7 6. dxc5 dxe4 7. Bxf6 exf3 8.
Qxd8+ Bxd8 9. Bxd8 fxg2 10. Bxg2 Kxd8 11. O-O-O+ Ke7 12. Rhe1 a5 13. Nd5+ 1-0

[Event "DVM U12 2013"]
[Site "Lichtenfels-Schney GER"]
[Date "2013.12.29"]
[Round "5"]
[White "Riemann, Jonas"]
[Black "Koll, Lukas"]
[Result "0-1"]
[Termination "normal"]
[Board "7.2"]
[WhiteElo "1200"]
[BlackElo "1602"]
[WhiteTeam "SK Bickenbach"]
[BlackTeam "Karlsruher SF 1853"]
[WhiteFideId "12977462"]
[BlackFideId "12969737"]
[EventCountry "GER"]
[EventRounds "7"]
[EventType "team-swiss"]
[EventDate "2013.12.26"]

1. e4 e5 2. Nf3 Nc6 3. Bc4 Bc5 4. c3 Nf6 5. d4 exd4 6. cxd4 Bb4+ 7. Nc3 Nxe4 8.
O-O Bxc3 9. d5 Bf6 10. Re1 Ne7 11. Rxe4 d6 12. Bb5+ Bd7 13. Qa4 a6 14. Bxd7+
Qxd7 15. Qxd7+ Kxd7 16. Ng5 Bxg5 17. Bxg5 f6 18. Bd2 Nxd5 19. h3 Rae8 20. Ree1
Rxe1+ 21. Rxe1 Re8 22. Rxe8 Kxe8 23. Kf1 Ke7 24. Ke2 Ke6 25. Kf3 h5 26. g4
hxg4+ 27. hxg4 g5 28. Ke4 c6 29. f3 Kf7 30. Be1 Ke6 31. a3 b6 32. Bg3 a5 33.
Be1 Nf4 34. Bf2 d5+ 35. Ke3 Ke5 36. Bg3 d4+ 37. Kd2 f5 38. Bxf4+ Kxf4 39. gxf5
Kxf5 40. Kd3 c5 41. b3 Kf4 42. Ke2 b5 43. a4 bxa4 44. bxa4 c4 45. Kd2 Kxf3 46.
Ke1 d3 47. Kd1 c3 48. Kc1 Ke2 49. Kb1 c2+ 50. Kc1 d2+ 51. Kxc2 d1=Q+ 52. Kc3
Qxa4 53. Kb2 Qd1 54. Kc3 Qd3+ 55. Kb2 Kd2 56. Ka2 a4 57. Kb2 Qb5+ 58. Ka2 Kc1
59. Ka1 Qb2# 0-1

[Event "DVM U12 2013"]
[Site "Lichtenfels-Schney GER"]
[Date "2013.12.29"]
[Round "5"]
[White "Koll, Linus"]
[Black "Wenzel, Calvin"]
[Result "1/2-1/2"]
[Termination "normal"]
[Board "7.3"]
[WhiteElo "1210"]
[BlackElo "1056"]
[WhiteTeam "Karlsruher SF 1853"]
[BlackTeam "SK Bickenbach"]
[WhiteFideId "12990299"]
[BlackFideId "12973920"]
[EventCountry "GER"]
[EventRounds "7"]
[EventType "team-swiss"]
[EventDate "2013.12.26"]

1. e4 e5 2. Nf3 Nc6 3. Bc4 Bc5 4. c3 Nf6 5. d3 a6 6. Be3 Ba7 7. Nbd2 d6 8. Bxa7
Rxa7 9. Qc2 Bg4 10. h3 Bxf3 11. gxf3 Rg8 12. O-O-O b5 13. Bb3 a5 14. a4 b4 15.
Rhe1 bxc3 16. bxc3 Rb7 17. Qa2 Rf8 18. Bc4 Ne7 19. Kc2 Qd7 20. Rb1 c6 21. Rxb7
Qxb7 22. Rb1 Qa7 23. Qb3 Nd7 24. Qb7 Qxb7 25. Rxb7 Kd8 26. Ra7 Nb6 27. d4 Nxa4
28. Rxa5 Nb6 29. dxe5 dxe5 30. Rxe5 Ng6 31. Rf5 f6 32. Ra5 Nxc4 33. Nxc4 Rf7
34. Ra8+ Ke7 35. Ra7+ Ke6 36. Rxf7 Kxf7 37. Kd2 Ke6 38. Ke3 Nh4 39. f4 c5 40.
f5+ Kd7 41. f4 Ng2+ 42. Kf3 Ne1+ 43. Kf2 Nd3+ 44. Ke3 Ne1 45. Nb2 Nc2+ 46. Ke2
Na3 47. Kd3 Nb5 48. c4 Nd4 49. Nd1 g6 50. fxg6 hxg6 51. Nf2 f5 52. exf5 gxf5
53. h4 Ke7 54. Nd1 Kf7 55. Ne3 Kg6 56. Nd5 Kh5 57. Ke3 1/2-1/2

[Event "DVM U12 2013"]
[Site "Lichtenfels-Schney GER"]
[Date "2013.12.29"]
[Round "5"]
[White "Bär, Leon David"]
[Black "Chernykh, Arkady"]
[Result "1/2-1/2"]
[Termination "normal"]
[Board "7.4"]
[WhiteElo "1051"]
[BlackElo "1205"]
[WhiteTeam "SK Bickenbach"]
[BlackTeam "Karlsruher SF 1853"]
[WhiteFideId "16200802"]
[BlackFideId "12989436"]
[EventCountry "GER"]
[EventRounds "7"]
[EventType "team-swiss"]
[EventDate "2013.12.26"]

1. e4 e5 2. Nf3 Nc6 3. Bc4 Bc5 4. d3 h6 5. b3 d6 6. Bb2 Bg4 7. Nbd2 Nf6 8. c3
O-O 9. h3 Bh5 10. Qe2 d5 11. exd5 Nxd5 12. O-O-O Nf4 13. Qf1 Re8 14. g3 Bxf3
15. Nxf3 Ng6 16. d4 exd4 17. cxd4 Bd6 18. Qd3 Qf6 19. d5 Nce5 20. Nxe5 Nxe5 21.
Qc2 Qg6 22. Qxg6 Nxg6 23. f4 Re7 24. Rde1 Rae8 25. Bc3 Rxe1+ 26. Rxe1 Rxe1+ 27.
Bxe1 Kf8 28. f5 Ne5 29. g4 Nxc4 30. bxc4 Bf4+ 31. Kc2 Bd6 32. Bc3 f6 33. Bd4 b6
34. a4 a5 35. Bf2 Kf7 36. h4 g6 37. h5 g5 38. Kb3 Kg7 39. c5 bxc5 40. Kc4 Kf7
41. Bxc5 Bg3 42. Kb5 Be1 43. d6 cxd6 44. Bxd6 Ke8 45. Bc7 Kd7 46. Bxa5 Bf2 47.
Bc3 Ke7 48. a5 Be3 49. Kc6 Ba7 50. Kb7 Be3 51. a6 Bc5 52. a7 Bxa7 53. Kxa7 Kf7
54. Kb7 Kg7 55. Kc7 Kf7 56. Kd7 Kg7 57. Ke7 Kg8 58. Kxf6 Kh7 59. Kf7 1/2-1/2

[Event "DVM U12 2013"]
[Site "Lichtenfels-Schney GER"]
[Date "2013.12.29"]
[Round "5"]
[White "Mantel, Ruben"]
[Black "Kowalski, Ben Wito"]
[Result "0-1"]
[Termination "normal"]
[Board "8.1"]
[WhiteElo "1645"]
[BlackElo "1721"]
[WhiteTeam "Spvg Zabo-Eintracht Nürnberg"]
[BlackTeam "Stader SV"]
[WhiteFideId "12930121"]
[BlackFideId "12956171"]
[EventCountry "GER"]
[EventRounds "7"]
[EventType "team-swiss"]
[EventDate "2013.12.26"]

1. e4 e6 2. d4 d5 3. exd5 exd5 4. Bd3 Bd6 5. Nc3 c6 6. Nge2 Ne7 7. Bg5 O-O 8.
Qd2 f6 9. Bh4 Bf5 10. O-O-O Nd7 11. g4 Bxd3 12. Qxd3 b5 13. Rdg1 a5 14. Ng3 g5
15. Nf5 Bf4+ 16. Kb1 gxh4 17. g5 fxg5 18. Nh6+ Kg7 19. Ng4 a4 20. Ne2 Ng6 21.
Qh3 Qe7 0-1

[Event "DVM U12 2013"]
[Site "Lichtenfels-Schney GER"]
[Date "2013.12.29"]
[Round "5"]
[White "Hammann, Moritz"]
[Black "Plato, Laurenz"]
[Result "1-0"]
[Termination "normal"]
[Board "8.2"]
[WhiteElo "1321"]
[BlackElo "1402"]
[WhiteTeam "Stader SV"]
[BlackTeam "Spvg Zabo-Eintracht Nürnberg"]
[WhiteFideId "12982040"]
[EventCountry "GER"]
[EventRounds "7"]
[EventType "team-swiss"]
[EventDate "2013.12.26"]

1. e4 d5 2. exd5 Qxd5 3. Nc3 Qa5 4. Nf3 Nf6 5. Bc4 e6 6. d3 c6 7. Bd2 Qc7 8.
Qe2 Nbd7 9. O-O Bd6 10. h3 Ne5 11. Bb3 Bd7 12. Rfe1 Nxf3+ 13. Qxf3 h6 14. Re2
O-O-O 15. Ne4 Be7 16. Bc3 Nxe4 17. Qxe4 Rhg8 18. Qa4 Bc5 19. Bd4 Bb6 20. Be5 c5
21. Bxc7 Bxa4 22. Bxd8 Rxd8 23. Bxa4 Bc7 24. Bb3 Kb8 25. Re3 a6 26. Rf3 Rd7 27.
Re1 b5 28. c4 Ka7 29. a3 Kb6 30. a4 Ka5 31. axb5 axb5 32. cxb5 Kxb5 33. Bc4+
Kb4 34. b3 Bb8 35. Ra1 Kc3 36. Ra8 Bd6 37. Rg8 Ra7 38. g3 g5 39. Rg7 Bxg3 40.
fxg3 Ra1+ 41. Rf1 Ra2 42. b4 Ra8 43. bxc5 Rc8 44. Rgxf7 Rxc5 45. Ba6 g4 46.
Rc1+ Kd4 47. Rxc5 Kxc5 48. hxg4 Kd5 49. Bc4+ Ke5 50. Re7 Kf6 51. Rxe6+ Kg5 52.
d4 Kxg4 53. Rxh6 Kf5 54. Re6 Kg4 55. d5 Kxg3 56. d6 Kf4 57. d7 1-0

[Event "DVM U12 2013"]
[Site "Lichtenfels-Schney GER"]
[Date "2013.12.29"]
[Round "5"]
[White "Hildermann, Christopher"]
[Black "Bargsten, Justus"]
[Result "0-1"]
[Termination "normal"]
[Board "8.3"]
[WhiteElo "1028"]
[BlackElo "1297"]
[WhiteTeam "Spvg Zabo-Eintracht Nürnberg"]
[BlackTeam "Stader SV"]
[BlackFideId "12974188"]
[EventCountry "GER"]
[EventRounds "7"]
[EventType "team-swiss"]
[EventDate "2013.12.26"]

1. e4 c5 2. Bc4 Nc6 3. Nc3 d6 4. Nf3 Nf6 5. O-O g6 6. d4 cxd4 7. Nxd4 Bg7 8.
Nxc6 bxc6 9. Be3 O-O 10. h3 Rb8 11. Rb1 Qc7 12. Bf4 Nh5 13. Be3 e6 14. f3 d5
15. Bd3 d4 16. g4 Qg3+ 17. Kh1 Qxh3+ 18. Kg1 Ng3 19. Kf2 dxe3+ 20. Kxe3 Nxf1+
21. Bxf1 Bh6+ 22. Ke2 Ba6+ 23. Ke1 Qxf1# 0-1

[Event "DVM U12 2013"]
[Site "Lichtenfels-Schney GER"]
[Date "2013.12.29"]
[Round "5"]
[White "Hatko, Julian"]
[Black "Hildermann, Richard"]
[Result "1-0"]
[Termination "normal"]
[Board "8.4"]
[WhiteElo "961"]
[BlackElo "983"]
[WhiteTeam "Stader SV"]
[BlackTeam "Spvg Zabo-Eintracht Nürnberg"]
[WhiteFideId "16210280"]
[EventCountry "GER"]
[EventRounds "7"]
[EventType "team-swiss"]
[EventDate "2013.12.26"]

1. d4 d5 2. c4 c6 3. Nc3 Nf6 4. Bf4 Bf5 5. Nf3 dxc4 6. a4 e6 7. Bg5 Be7 8. Bxf6
Bxf6 9. e4 Bg4 10. e5 Be7 11. Bxc4 O-O 12. O-O c5 13. d5 exd5 14. Bxd5 Qc7 15.
h3 Be6 16. Be4 Nd7 17. Re1 Rab8 18. Qc2 f5 19. Bd5 Bxd5 20. Nxd5 Qd8 21. Nxe7+
Qxe7 22. e6 Nb6 23. Rad1 Rf6 24. Ng5 h6 25. Nf3 Rxe6 26. Rxe6 Qxe6 27. Qxc5 Rc8
28. Qa5 a6 29. Re1 Qd6 30. Nh4 Rc5 31. Qb4 Qc6 32. Qb3+ Kh7 33. Re7 Qf6 34. Re8
Qxh4 35. Qg8+ Kg6 36. Re6+ Kh5 37. Qe8+ Kg5 38. Qg6+ Kf4 39. g3+ Kf3 40. Re3#
1-0

[Event "DVM U12 2013"]
[Site "Lichtenfels-Schney GER"]
[Date "2013.12.29"]
[Round "5"]
[White "Wiemann, Daniel"]
[Black "Grimm, Ling Leander"]
[Result "0-1"]
[Termination "normal"]
[Board "9.1"]
[WhiteElo "1452"]
[BlackElo "1519"]
[WhiteTeam "SV Seubelsdorf"]
[BlackTeam "SK Bebenhausen"]
[WhiteFideId "12942944"]
[BlackFideId "12968277"]
[EventCountry "GER"]
[EventRounds "7"]
[EventType "team-swiss"]
[EventDate "2013.12.26"]

1. e4 c5 2. Nf3 Nc6 3. d4 cxd4 4. Nxd4 g6 5. Nc3 Bg7 6. Be3 Nf6 7. Bc4 O-O 8.
O-O Ng4 9. Bb3 Nxe3 10. fxe3 e6 11. Rb1 a6 12. Nxc6 dxc6 13. Qxd8 Rxd8 14. Rbd1
Bd7 15. a3 b5 16. Ba2 c5 17. Rb1 Bc6 18. Rfd1 c4 19. a4 Kf8 20. axb5 axb5 21.
Rxd8+ Rxd8 22. Kf2 Rd2+ 23. Kf3 Rxc2 24. Ne2 Bxe4+ 25. Kxe4 Rxe2 26. Kf3 Rd2
27. h3 Rc2 28. g4 b4 29. Rd1 Bxb2 30. Bb1 Rc1 31. Rxc1 Bxc1 32. Be4 Ke7 33. h4
Kd6 34. h5 f5 35. gxf5 exf5 36. Bb1 b3 37. hxg6 hxg6 38. e4 Ke5 39. exf5 gxf5
40. Ke2 f4 41. Kf3 c3 42. Bd3 Kd4 43. Bh7 c2 44. Ke2 Be3 45. Kf3 c1=Q 46. Kg4
Qg1+ 47. Kh5 f3 48. Bg6 Qg5# 0-1

[Event "DVM U12 2013"]
[Site "Lichtenfels-Schney GER"]
[Date "2013.12.29"]
[Round "5"]
[White "Freiherr von Hauff, Christopher"]
[Black "Werner, Sebastian"]
[Result "1-0"]
[Termination "normal"]
[Board "9.2"]
[WhiteElo "1388"]
[BlackElo "1164"]
[WhiteTeam "SK Bebenhausen"]
[BlackTeam "SV Seubelsdorf"]
[WhiteFideId "16200691"]
[EventCountry "GER"]
[EventRounds "7"]
[EventType "team-swiss"]
[EventDate "2013.12.26"]

1. e4 c5 2. d4 cxd4 3. c3 Nf6 4. e5 Nd5 5. Nf3 Nc6 6. Bc4 Nb6 7. Bb3 dxc3 8.
Nxc3 g6 9. Ng5 Nxe5 10. Bf4 Nec4 11. Nd5 e6 12. Nc7+ Ke7 13. Nxa8 Ke8 14. Nc7+
Ke7 15. Bxc4 Nxc4 16. Rc1 Nxb2 17. Qd6+ Kf6 18. Nd5+ Kg7 19. Qe5+ f6 20. Qxb2
Qa5+ 21. Nc3 Ba3 22. Qa1 Bxc1 23. Bxc1 fxg5 24. Bd2 Qe5+ 25. Kd1 Rf8 26. Re1
Qd4 27. f3 Rf5 28. Kc2 Rc5 29. Be3 Qa4+ 30. Kd2 Rxc3 31. Qxc3+ Kf7 32. Qxc8
Qxa2+ 33. Qc2 Qa5+ 34. Ke2 Qb5+ 35. Kf2 a5 36. Ra1 Qa6 37. Qc7 Ke7 38. Bxg5+
Ke8 39. Rxa5 Qd3 40. Qd8+ Kf7 41. Qe7+ Kg8 42. Ra8# 1-0

[Event "DVM U12 2013"]
[Site "Lichtenfels-Schney GER"]
[Date "2013.12.29"]
[Round "5"]
[White "Kolb, Verena"]
[Black "De Rentiis, Davide Luca"]
[Result "1-0"]
[Termination "normal"]
[Board "9.3"]
[WhiteElo "1286"]
[BlackElo "1073"]
[WhiteTeam "SV Seubelsdorf"]
[BlackTeam "SK Bebenhausen"]
[WhiteFideId "12992313"]
[BlackFideId "12967050"]
[EventCountry "GER"]
[EventRounds "7"]
[EventType "team-swiss"]
[EventDate "2013.12.26"]

1. e4 e5 2. Nf3 Nc6 3. Bb5 a6 4. Ba4 Nf6 5. O-O d6 6. d4 Bd7 7. dxe5 Nxe5 8.
Bxd7+ Nfxd7 9. Bf4 Be7 10. Nc3 O-O 11. Qe2 Nxf3+ 12. Qxf3 Ne5 13. Qg3 Ng6 14.
Rad1 Nxf4 15. Qxf4 Bf6 16. Qf3 c6 17. Rfe1 Re8 18. Re3 g6 19. Qg3 Bg7 20. Qxd6
Qxd6 21. Rxd6 Bxc3 22. bxc3 Re5 23. c4 Rae8 24. f3 Ra5 25. a3 Ra4 26. Rc3 Kf8
27. Rd7 Re7 28. Rxe7 Kxe7 29. Kf2 Kd6 30. c5+ Ke5 31. Ke3 f5 32. exf5 Kxf5 33.
g3 g5 34. Kd3 g4 35. fxg4+ Kxg4 36. Rb3 h5 37. Rxb7 Rxa3+ 38. c3 Kh3 39. Rb6
Kxh2 40. Rxc6 Kxg3 41. Rg6+ Kh3 42. c6 Ra5 43. Kd4 Rf5 44. c7 Rf8 45. Rxa6 Kg3
46. Rg6+ Kh3 47. Kd5 Rc8 48. Kd6 h4 49. Kd7 Kh2 50. Kxc8 h3 51. Kd7 Kh1 52. Rh6
h2 53. Rxh2+ Kg1 54. Re2 Kf1 55. Re7 Kf2 56. c8=Q Kg2 57. Rf7 Kh2 58. Rg7 Kh1
59. Qh8# 1-0

[Event "DVM U12 2013"]
[Site "Lichtenfels-Schney GER"]
[Date "2013.12.29"]
[Round "5"]
[White "Bock, Alexander"]
[Black "Klein, Sebastian"]
[Result "1-0"]
[Termination "normal"]
[Board "10.1"]
[WhiteElo "1283"]
[BlackElo "1331"]
[WhiteTeam "SG Blau-Weiß Stadtilm"]
[BlackTeam "SR Spaichingen"]
[BlackFideId "16200845"]
[EventCountry "GER"]
[EventRounds "7"]
[EventType "team-swiss"]
[EventDate "2013.12.26"]

1. e4 e5 2. Nf3 Nc6 3. d3 Bc5 4. g3 d6 5. Bg2 f5 6. c3 fxe4 7. dxe4 Nf6 8. Nbd2
O-O 9. h3 Be6 10. O-O Qd7 11. Kh2 Rae8 12. Nh4 d5 13. Qc2 d4 14. Nb3 Bb6 15.
Rd1 Rd8 16. Nf5 Bxf5 17. exf5 d3 18. Qd2 Qxf5 19. f4 Ne4 20. Qe1 Bf2 21. Bxe4
Bxe1 22. Bxf5 Rxf5 23. Rxe1 a5 24. Rd1 Rdf8 25. Rxd3 g5 26. g4 R5f7 27. f5 e4
28. Rg3 Ne5 29. Re3 Nf3+ 30. Kg3 h5 31. Rxe4 hxg4 32. hxg4 Nh4 33. Bxg5 Nxf5+
34. gxf5 Rxf5 35. Bf4 Kf7 36. Nd4 Rg8+ 37. Kf3 Rh5 38. Rf1 1-0

[Event "DVM U12 2013"]
[Site "Lichtenfels-Schney GER"]
[Date "2013.12.29"]
[Round "5"]
[White "Zetto, Lukas"]
[Black "Langenhan, Moritz Benedikt"]
[Result "1/2-1/2"]
[Termination "normal"]
[Board "10.2"]
[WhiteElo "1311"]
[BlackElo "1260"]
[WhiteTeam "SR Spaichingen"]
[BlackTeam "SG Blau-Weiß Stadtilm"]
[WhiteFideId "16261747"]
[BlackFideId "12976520"]
[EventCountry "GER"]
[EventRounds "7"]
[EventType "team-swiss"]
[EventDate "2013.12.26"]

1. e4 e5 2. Bc4 Nf6 3. d3 Bc5 4. Nc3 h6 5. Be3 Bb6 6. Nf3 Nc6 7. Qd2 d6 8. h3
Be6 9. Bb3 Qd7 10. O-O-O Nd4 11. Bxd4 Bxd4 12. Nxd4 exd4 13. Ne2 Bxb3 14. cxb3
c5 15. Kb1 a5 16. Qc2 a4 17. Nc1 a3 18. Rd2 O-O 19. f4 b6 20. Rg1 Nh5 21. Rf2
Nf6 22. g4 Nh7 23. h4 g5 24. hxg5 hxg5 25. f5 Nf6 26. Rh2 Kg7 27. Qe2 Rfe8 28.
Rgh1 Rh8 29. Rxh8 Rxh8 30. Rxh8 Kxh8 31. bxa3 Kg8 32. Qf3 Qa7 33. Kb2 b5 34.
Qe2 Kf8 35. Qh2 Nxg4 36. Qxd6+ Kg7 37. Qg3 Ne3 38. Qxg5+ Kf8 39. Qh5 Ke7 40. b4
c4 41. f6+ Kxf6 42. Qxb5 Nd1+ 43. Kc2 Ne3+ 44. Kb2 Nd1+ 45. Kc2 Ne3+ 46. Kb2
Nd1+ 47. Kc2 Ne3+ 1/2-1/2

[Event "DVM U12 2013"]
[Site "Lichtenfels-Schney GER"]
[Date "2013.12.29"]
[Round "5"]
[White "Helm, Stephan"]
[Black "Schrägle, Thorsten"]
[Result "1-0"]
[Termination "normal"]
[Board "10.3"]
[WhiteElo "1050"]
[BlackElo "1271"]
[WhiteTeam "SG Blau-Weiß Stadtilm"]
[BlackTeam "SR Spaichingen"]
[BlackFideId "16224248"]
[EventCountry "GER"]
[EventRounds "7"]
[EventType "team-swiss"]
[EventDate "2013.12.26"]

1. e4 e5 2. Nf3 Nc6 3. Bc4 h6 4. Nc3 Bc5 5. d3 d6 6. h3 Be6 7. Bb3 Nf6 8. Be3
Bb6 9. Qd2 Qd7 10. O-O-O O-O-O 11. Bxb6 axb6 12. Nd5 Bxd5 13. exd5 Ne7 14. c4
Ng6 15. Qb4 Nf4 16. Qa3 Kb8 17. g3 Ng6 18. d4 e4 19. Nd2 Rhe8 20. Rde1 Re7 21.
Re3 Qf5 22. f4 h5 23. Bc2 h4 24. g4 Qxf4 25. Rf1 Qg5 26. Bxe4 Rde8 27. Rf5 Qh6
28. g5 Qh5 29. gxf6 Qxf5 30. fxe7 Qf6 31. Bxg6 fxg6 32. Re6 Qf7 33. Qa4 Rxe7
34. Rxe7 Qxe7 35. Qc2 Qe1+ 36. Qd1 Qg3 37. Qg4 Qe1+ 38. Kc2 Qe7 39. Qxg6 Qd7
40. Qg4 Qe7 41. Kb3 Qe3+ 42. Kc2 Qe7 43. Qe4 Qf8 44. Kb3 Qd8 45. Kb4 c5+ 46.
dxc5 bxc5+ 47. Kc3 Qf8 48. b4 Kc7 49. bxc5 dxc5 50. Qg4 Qe7 51. Ne4 b6 52. d6+
1-0

[Event "DVM U12 2013"]
[Site "Lichtenfels-Schney GER"]
[Date "2013.12.29"]
[Round "5"]
[White "Hengstler, Lukas"]
[Black "Siptroth, Fabius"]
[Result "1-0"]
[Termination "normal"]
[Board "10.4"]
[WhiteElo "1014"]
[BlackElo "881"]
[WhiteTeam "SR Spaichingen"]
[BlackTeam "SG Blau-Weiß Stadtilm"]
[WhiteFideId "16232763"]
[EventCountry "GER"]
[EventRounds "7"]
[EventType "team-swiss"]
[EventDate "2013.12.26"]

1. e4 e5 2. d4 Nc6 3. Nf3 exd4 4. Nxd4 Bc5 5. Be3 Qf6 6. Nc3 d6 7. Ncb5 Qe7 8.
Bc4 a6 9. Nc3 Be6 10. Bxe6 fxe6 11. Nxc6 bxc6 12. Bxc5 dxc5 13. Qd3 Nf6 14. e5
Nd5 15. O-O-O O-O 16. Rd2 a5 17. Ne4 a4 18. c4 Nb6 19. Qe3 Nd7 20. Rhd1 Rfd8
21. Qg5 Kf8 22. Rd3 h6 23. Rf3+ Ke8 24. Qg6+ Qf7 25. Qxf7# 1-0